Cpad market flash (Record no. 83948)

MARC details
000 -LEADER
fixed length control field 01321cad a22002295a 4500
001 - CONTROL NUMBER
control field L156074
008 - FIXED-LENGTH DATA ELEMENTS--GENERAL INFORMATION
fixed length control field 120430s2012 xxk 000 0 eng d
035 ## - SYSTEM CONTROL NUMBER
System control number (Sirsi) u156074
041 0# - LANGUAGE CODE
Language code of text/sound track or separate title eng
110 2# - MAIN ENTRY--CORPORATE NAME
Corporate name or jurisdiction name as entry element Acuitus
9 (RLIN) 6056
245 00 - TITLE STATEMENT
Title Cpad market flash
Remainder of title commercial property auction data
Medium [electronic resource]
260 ## - PUBLICATION, DISTRIBUTION, ETC.
Place of publication, distribution, etc. London
Name of publisher, distributor, etc. Acuitus
Date of publication, distribution, etc. 2012
490 #0 - SERIES STATEMENT
Series statement Acuitus Cpad Market Flash Commercial Property Auction Data
Volume/sequential designation April 2012
520 ## - SUMMARY, ETC.
Summary, etc. Sales volumes and sale rates are both up while buyers have increasingly looked beyond London and the south east for investments. Retail remained dominant in the auction but a higher level of office and leisure lots have found buyers. Retail yields hardened to 6.2% while the average property yield across all sales in the auction room was also sharper at 8.5%. The gap between prime and high yield properties has continued to open and is now at its widest for more than a decade.
520 ## - SUMMARY, ETC.
Summary, etc. Key statistics - auction commentary - IPD property market commentary - key market data.
590 ## - LOCAL NOTE (RLIN)
Local note KA
651 #4 - SUBJECT ADDED ENTRY--GEOGRAPHIC NAME
Geographic name United Kingdom
690 ## - LOCAL SUBJECT ADDED ENTRY--TOPICAL TERM (OCLC, RLIN)
Topical term or geographic name as entry element Commercial property
9 (RLIN) 6227
710 ## - ADDED ENTRY--CORPORATE NAME
Corporate name or jurisdiction name as entry element Investment Property Databank
9 (RLIN) 2288
856 40 - ELECTRONIC LOCATION AND ACCESS
Uniform Resource Identifier <a href="https://www.acuitus.co.uk/media/11021/cpad%20market%20flash%20april%202012.pdf">https://www.acuitus.co.uk/media/11021/cpad%20market%20flash%20april%202012.pdf</a>
Public note View the report at www.acuitus.co.uk
942 ## - ADDED ENTRY ELEMENTS (KOHA)
Suppress in OPAC 0
Holdings
Withdrawn status Lost status Source of classification or shelving scheme Damaged status Not for loan Home library Current library Shelving location Date acquired Total Checkouts Full call number Barcode Date last seen Copy number Price effective from Koha item type
    Dewey Decimal Classification     Virtual Virtual Online 29/04/2012   ONLINE PUBLICATION 156074-2001 06/08/2019 1 06/08/2019 Book